| 000 | 00000nas 2200000za 4500 |
| 001 | 9.805912 |
| 003 | CaOODSP |
| 005 | 20221107135751 |
| 007 | cr ||||||||||| |
| 008 | 151113d18841891oncar p o f000#|0eng|d |
| 040 | |aCaOODSP|beng |
| 043 | |an-cn--- |
| 086 | 1 |aFs1E-PDF |
| 110 | 1 |aCanada. |bDepartment of Fisheries and Oceans. |
| 245 | 10|aAnnual report of the Department of Fisheries, Dominion of Canada for the year ... |h[electronic resource]. |
| 260 | |aOttawa : |bDepartment of Fisheries, |c1885-1892. |
| 310 | |aAnnual. |
| 362 | 1 |aBegan with 1st (1884); ceased with 8th (1891). |
| 500 | |aTitle varies slightly. |
| 500 | |aSome volumes may be incomplete and/or have damaged content. |
| 525 | |aIncludes separately paged, numbered supplements or reports: Report on Fish-breeding in the Dominion of Canada -- Fisheries statements and Inspectors reports |
| 580 | |aContinues in part: Annual report of the Department of Marine and Fisheries. |
| 580 | |aContinued by: Annual report of the Department of Marine and Fisheries. Fisheries. |
| 692 | 07|2gccst|aFisheries |
| 780 | 00|tAnnual report of the Department of Marine and Fisheries for the year ... |w(CaOODSP)9.805897 |
| 785 | 00|tAnnual report of the Department of Marine and Fisheries. |w(CaOODSP)9.805921 |